[Event "22nd Oberwarter Open"]
[Site "Oberwart (Austria)"]
[Date "2000.07.08"]
[Round "1.1"]
[White "WIATER, Gottfried"]
[Black "EINGORN, Vereslav"]
[Result "0-1"]
[WhiteElo "2024"]
[BlackElo "2586"]
[PlyCount "58"]
[EventDate "2000.07.08"]

1. e4 c5 2. Nf3 e6 3. Nc3 a6 4. d4 cxd4 5. Nxd4 Qc7 6. a3 Nc6 7. Nxc6 bxc6 8.
Bd3 Nf6 9. O-O d5 10. Re1 Bd6 11. h3 O-O 12. exd5 cxd5 13. Ne2 e5 14. c3 h6 15.
Be3 Bb7 16. Rc1 Rad8 17. Qb3 Nd7 18. Bf5 Nc5 19. Bxc5 Bxc5 20. h4 Rd6 21. Rf1
h5 22. Bd3 Rf6 23. Bb5 Qb6 24. c4 Rxf2 25. Rxf2 Bxf2+ 26. Kh2 Be3 27. Rf1 d4
28. a4 Qg6 29. Ng3 Qg4 {.} 0-1

[Event "22nd Oberwarter Open"]
[Site "Oberwart (Austria)"]
[Date "2000.07.08"]
[Round "1.2"]
[White "LERNER, Konstantin"]
[Black "GAUBMANN, Thomas"]
[Result "1-0"]
[WhiteElo "2583"]
[BlackElo "2008"]
[PlyCount "47"]
[EventDate "2000.07.08"]

1. d4 Nf6 2. c4 e5 3. dxe5 Ng4 4. Nf3 Nc6 5. e3 Ngxe5 6. Be2 Bb4+ 7. Bd2 Bxd2+
8. Qxd2 Nxf3+ 9. Bxf3 Ne5 10. Be2 d6 11. Nc3 Be6 12. b3 Qg5 13. g3 Qf6 14. f4
Nd7 15. O-O Nb6 16. Bf3 O-O-O 17. a4 h5 18. a5 Nd7 19. a6 b6 20. f5 Bxf5 21.
Bb7+ Kb8 22. Nd5 Qe6 23. Rxf5 Qxf5 24. Ne7 1-0

[Event "22nd Oberwarter Open"]
[Site "Oberwart (Austria)"]
[Date "2000.07.08"]
[Round "1.9"]
[White "RUCK, Robert"]
[Black "BRANDNER, Stefan"]
[Result "1-0"]
[WhiteElo "2489"]
[BlackElo "2344"]
[Annotator "OEM LOTHAR KARRER"]
[PlyCount "95"]
[EventDate "2000.07.08"]

1. Nf3 Nc6 2. d4 d5 3. e3 Bg4 4. Be2 e6 5. c4 Nf6 6. O-O Bd6 ({
Alternativen zum Textzug sind} 6... Be7 7. b3 O-O 8. Nbd2 Re8 9. Bb2 Rc8 10. a3
Nb8 11. b4 c6 12. Ne5 Bxe2 13. Qxe2 Nbd7 14. Ndf3 Nxe5 15. dxe5 Nd7 16. Rfd1
Qc7 17. Rac1 Qb8 18. e4 Nb6 {und Schwarz hat zumindest gleiches Spiel,
Scharow-M. Iwanov, Moskau 1996/(0-1;71)}) ({zu beachten ist auch} 6... dxc4 $5
7. Bxc4 a6 {mit der Absicht, ... Ld6 nachfolgen zu lassen.}) 7. h3 Bh5 8. Nc3
O-O 9. b3 Ne4 10. Nxe4 dxe4 11. Nd2 Bxe2 12. Qxe2 f5 13. Bb2 Qh4 14. a3 Rf6 ({
Seinem Stile treu bleibend, spielt der Moedlinger auf Biegen oder Brechen. Im
Ausgleichssinn warjedoch} 14... Rad8 $5 {vorzuziehen.}) 15. d5 $1 Rg6 $6 {
Ein wagemutiges Figurenopfer, das auf den ersten Blick kaum korrekt erscheint.}
16. dxc6 Qxh3 17. f4 Bc5 18. Bd4 Bxd4 19. exd4 bxc6 20. Rfd1 Rf8 ({Abermals war
} 20... Rd8 {, nun mit etwas besserem Spiel fuer Weiss, vorzuziehen. Schwarz
scheut jedoch kein Mittel, um die Initiative an sich zu reissen.}) 21. Nf1 Rff6
22. Rd2 $6 ({Mit} 22. Ne3 $1 {
haette Weiss seinen Vorteil konsolidieren koennen.}) 22... Rxg2+ 23. Qxg2 Rg6
24. Qxg6 hxg6 25. Rg2 {
Nach Durchsicht der Buecher steht nun eher Schwarz besser.} 25... Qxb3 26. Rxg6
Qxc4 27. Rd1 c5 $1 28. dxc5 Qxc5+ 29. Kg2 e3 ({Gut war auch} 29... Qxa3 $5) 30.
Kf3 {#  Diagramm} 30... Qc6+ ({Klaren Vorteil versprach statt dessen} 30... Kf7
$1 31. Rg3 g5 32. fxg5 ({Keineswegs besser ist} 32. Rd7+ Kf8 33. Rd8+ Ke7 34.
Rg8 Qc6+ 35. Ke2 Qc4+ 36. Ke1 gxf4) 32... Qc6+ 33. Kxe3 (33. Ke2 {scheitert an}
33... Qc2+) 33... f4+ 34. Kxf4 Qa4+) 31. Kxe3 Qe4+ 32. Kf2 Qxf4+ 33. Kg1 Kf7
34. Rg3 g5 $6 ({Nach} 34... Qa4 35. Rc1 c5 36. Rgc3 g5 37. Rxc5 Qxa3 {
haette es Weiss schwer gehabt, die Partie zu halten.}) 35. Rd2 g4 $6 ({
Den Vorzug verdiente} 35... Kf6 36. Rc3 Qa4 37. Rdd3 (37. Ne3 g4) 37... Qb5)
36. Rc3 Kf6 ({Zu erwaegen war} 36... Ke7 $5) 37. Rd7 c5 38. Rxc5 g3 39. Rc2 Qa4
40. Rdc7 Qxa3 $6 ({Eine weitere kleine Ungenauigkeit. Nach} 40... Qd4+ 41. Kg2
f4 42. R7c4 Qd5+ 43. Kg1 e5 44. Nd2 Qd3 {
haette Schwarz weiterhin das etwas bessere Spiel gehabt.}) 41. R7c3 $5 Qb4 42.
Nxg3 a5 43. Kg2 a4 44. Rf3 Kg5 45. Re2 Qc4 (45... Qd6 $5) 46. Rfe3 f4 $4 ({
Allerdings haette Weiss auch dem korrekten} 46... Kf6 47. Ra3 ({Nach} 47. Kf2
$5 Kf7 ({Eher etwas guenstiger fuer Weiss waere hingegen.} 47... e5 48. Rf3
Qd4+ 49. Kg2) 48. Kg2 Qd5+ 49. Kf1 f4 50. Rf2 e5 51. Ne4 ({Auf} 51. Ke1 {
folgt sehr stark} 51... Qa5+) 51... Ke7 {
haette Weiss es schwer gehabt, den halben Punkt ins Trockene zu bringen}) 47...
Qd5+ 48. Kh2 f4 49. Ne4+ {
gute praktische Chancen besessen, den ganzen Punkt einzufahren.}) 47. Re5+ {
Danach ist der Tag fuer Weiss entschieden.} 47... Kg4 48. R2e4 {
und Schwarz gab auf.} 1-0

[Event "22nd Oberwarter Open"]
[Site "Oberwart (Austria)"]
[Date "2000.07.08"]
[Round "1.12"]
[White "HANEL, Reinhard"]
[Black "ROGULJ, Branko"]
[Result "1/2-1/2"]
[WhiteElo "2340"]
[BlackElo "2460"]
[PlyCount "75"]
[EventDate "2000.07.08"]

1. c4 c5 2. Nf3 Nc6 3. d4 cxd4 4. Nxd4 Nf6 5. Nc3 e6 6. g3 Qb6 7. Nb3 Ne5 8. e4
Bb4 9. Qe2 d6 10. f4 Ng6 11. Be3 Qc7 12. Bd2 Bd7 13. a3 Bxc3 14. Bxc3 Nxe4 15.
Bxg7 Rg8 16. Bd4 Bc6 17. O-O-O O-O-O 18. Bg2 Nxf4 19. gxf4 Nc5 20. Nxc5 Rxg2
21. Qe3 dxc5 22. Be5 Rxd1+ 23. Rxd1 Qe7 24. Rd6 f6 25. Qxc5 Rg7 26. Bc3 Rg1+
27. Kc2 Qc7 28. Qxg1 Qxd6 29. Qg8+ Kc7 30. Qxh7+ Kb6 31. Qd3 Ba4+ 32. Kd2 Qxf4+
33. Ke1 Kc7 34. Qh7+ Kc6 35. Qh8 Qe3+ 36. Kf1 Bb3 37. Qc8+ Kd6 38. Qd8+ {.}
1/2-1/2

[Event "22nd Oberwarter Open"]
[Site "Oberwart (Austria)"]
[Date "2000.07.08"]
[Round "1.14"]
[White "KOVACEVIC, Blazimir"]
[Black "DOBROV, Vladimir"]
[Result "1-0"]
[WhiteElo "2438"]
[BlackElo "2339"]
[PlyCount "195"]
[EventDate "2000.07.08"]

1. d4 Nf6 2. Bg5 c5 3. Bxf6 gxf6 4. d5 Qb6 5. Qc1 f5 6. g3 Bh6 7. f4 Bg7 8. c3
d6 9. Nd2 Nd7 10. Nc4 Qc7 11. Bg2 Rb8 12. a4 a6 13. a5 b5 14. axb6 Nxb6 15. Ne3
Qd7 16. Qc2 Qb5 17. Nh3 Nc4 18. Nxc4 Qxc4 19. O-O Bd7 20. Nf2 O-O 21. Nd1 Rb6
22. Rf2 e6 23. dxe6 fxe6 24. e4 Qb5 25. exf5 exf5 26. Ne3 Be6 27. Nd5 Rb7 28.
Re1 Re8 29. Rfe2 Qd7 30. Qd3 Kh8 31. Qxa6 Rbb8 32. Qd3 Qf7 33. Ne3 c4 34. Qxd6
Red8 35. Qa6 Bc8 36. Qxc4 Qxc4 37. Nxc4 Ba6 38. Ne5 Bxe2 39. Rxe2 Kg8 40. Nc6
Rd1+ 41. Kf2 Rb5 42. Nd4 Bxd4+ 43. cxd4 Rxd4 44. Bc6 Rb6 45. Bg2 Rdb4 46. Bd5+
Kg7 47. b3 Kf6 48. Bc4 Rd6 49. Ke1 Rb8 50. Kf2 Rbd8 51. Kf3 Ra8 52. h3 h5 53.
Re5 Ra3 54. Re8 Rc6 55. Kf2 Ra2+ 56. Ke3 Rh2 57. h4 Rd6 58. Rh8 Kg6 59. Rg8+
Kf6 60. Rf8+ Kg6 61. Bd3 Rg2 62. Rg8+ Kf7 63. Rg5 Rg6 64. Kf3 Rxg5 65. Kxg2 Rg6
66. Bxf5 Rc6 67. Be4 Rc3 68. b4 Kf6 69. b5 Rb3 70. Bc6 Ke6 71. Be8 Ke7 72. Bxh5
Rxb5 73. Be2 Rb2 74. Kf2 Kf6 75. g4 Rb3 76. h5 Rc3 77. Bf3 Rc4 78. Kg3 Rc3 79.
h6 Kg6 80. g5 Rd3 81. Kg4 Rd4 82. Bc6 Rc4 83. Be8+ Kh7 84. Bf7 Rc5 85. Kh5 Kh8
86. Be6 Rc1 87. Bd5 Rd1 88. Bf3 Rd4 89. f5 Rd3 90. Bg4 Rd2 91. g6 Rf2 92. Kg5
Rg2 93. f6 Rg1 94. Kf4 Rf1+ 95. Ke5 Re1+ 96. Kd6 Rg1 97. g7+ Kh7 98. f7 1-0

[Event "22nd Oberwarter Open"]
[Site "Oberwart (Austria)"]
[Date "2000.07.08"]
[Round "1.15"]
[White "ZSINKA, Laszlo"]
[Black "DANNER, Georg"]
[Result "0-1"]
[WhiteElo "2342"]
[BlackElo "2437"]
[PlyCount "76"]
[EventDate "2000.07.08"]

1. d4 f5 2. c4 g6 3. h4 Bg7 4. h5 d6 5. Nf3 Nc6 6. Nc3 e5 7. Bg5 Qd7 8. h6 Bf6
9. d5 Nd8 10. e4 Qe7 11. Bd2 Nf7 12. g3 g5 13. Qa4+ Kf8 14. Bd3 Ngxh6 15. O-O-O
Ng4 16. Rdf1 f4 17. Be2 h5 18. Qd1 Bd7 19. Ne1 Bg7 20. Nd3 c5 21. dxc6 bxc6 22.
Qb3 Be6 23. Nb4 Qb7 24. Qa4 Rb8 25. Nd1 Nf6 26. Na6 Rc8 27. c5 d5 28. Nb4 Qd7
29. exd5 Nxd5 30. Rxh5 Rxh5 31. Bxh5 Nf6 32. gxf4 Nxh5 33. fxg5 Nf4 34. Nc3
Nxg5 35. Rd1 Bg4 36. Rh1 Nf3 37. Be3 Nd4 38. Rg1 Nfe2+ 0-1

[Event "22nd Oberwarter Open"]
[Site "Oberwart (Austria)"]
[Date "2000.07.08"]
[Round "1.24"]
[White "KUMMER, Helmut"]
[Black "WALLNER, Joachim"]
[Result "1/2-1/2"]
[WhiteElo "2390"]
[BlackElo "2272"]
[PlyCount "62"]
[EventDate "2000.07.08"]

1. d4 d5 2. c4 c6 3. Nf3 Nf6 4. Nc3 dxc4 5. a4 Bf5 6. e3 e6 7. Bxc4 Bb4 8. O-O
O-O 9. Qe2 Nbd7 10. e4 Bg6 11. Bd3 h6 12. Rd1 Re8 13. Bf4 a6 14. h3 Rc8 15. Na2
Ba5 16. b4 Bc7 17. Bxc7 Rxc7 18. Nc3 Qe7 19. e5 Nd5 20. Nxd5 cxd5 21. Bxg6 fxg6
22. b5 axb5 23. Qxb5 Rec8 24. a5 g5 25. a6 bxa6 26. Rxa6 Nf8 27. Raa1 Ng6 28.
Ne1 Nf4 29. Qf1 Rc4 30. g3 Ng6 31. Ng2 Qb4 {.} 1/2-1/2

[Event "22nd Oberwarter Open"]
[Site "Oberwart (Austria)"]
[Date "2000.07.08"]
[Round "1.27"]
[White "SULYOK, Michael"]
[Black "KRSTIC, Uros"]
[Result "1/2-1/2"]
[WhiteElo "2272"]
[BlackElo "2375"]
[PlyCount "109"]
[EventDate "2000.07.08"]

1. c4 g6 2. Nc3 Bg7 3. d4 d6 4. e4 Nf6 5. Bd3 c5 6. d5 e6 7. Nge2 exd5 8. cxd5
a6 9. a4 O-O 10. O-O Re8 11. Ng3 Ng4 12. h3 Ne5 13. f4 Nxd3 14. Qxd3 Nd7 15.
Be3 Qa5 16. Kh1 Qb4 17. Qd2 Nb6 18. f5 Nc4 19. Qf2 Qxb2 20. Qxb2 Nxb2 21. f6
Nc4 22. Bc1 Bf8 23. a5 Bd7 24. Rf2 h5 25. Nf1 Kh7 26. g4 Ne5 27. gxh5 gxh5 28.
Ng3 Nd3 29. Rh2 Nxc1 30. Rxc1 h4 31. Nge2 Rab8 32. Rg2 b5 33. axb6 Rxb6 34.
Rcg1 Bh6 35. Nd1 Rbb8 36. Nf2 Rg8 37. Ng4 Bg5 38. e5 Rg6 39. e6 fxe6 40. Nh2
Kh6 41. Nf3 Rxf6 42. Rxg5 exd5 43. Nxh4 d4 44. Rg6+ Rxg6 45. Rxg6+ Kh5 46. Rxd6
d3 47. Nf4+ Kxh4 48. Rxd7 Kg3 49. Nh5+ Kxh3 50. Rxd3+ Kg4 51. Nf6+ Kf4 52. Ra3
c4 53. Rxa6 Rb1+ 54. Kg2 Ke5 55. Kf3 1/2-1/2

[Event "22nd Oberwarter Open"]
[Site "Oberwart (Austria)"]
[Date "2000.07.08"]
[Round "1.29"]
[White "MEDVEGY, Nora"]
[Black "KLEISER, Gregor"]
[Result "1/2-1/2"]
[WhiteElo "2350"]
[BlackElo "2170"]
[PlyCount "37"]
[EventDate "2000.07.08"]

1. e4 c5 2. Nf3 Nc6 3. d4 cxd4 4. Nxd4 Nf6 5. Nc3 e5 6. Ndb5 d6 7. Bg5 a6 8.
Na3 b5 9. Bxf6 gxf6 10. Nd5 f5 11. g3 Bg7 12. Bg2 fxe4 13. Bxe4 O-O 14. Ne3 Qc7
15. c3 Kh8 16. Qf3 f5 17. Bxc6 e4 18. Qd1 Qxc6 19. Qd5 1/2-1/2

[Event "22nd Oberwarter Open"]
[Site "Oberwart (Austria)"]
[Date "2000.07.08"]
[Round "1.30"]
[White "KOVACS, Gabor"]
[Black "NIELSEN, Max"]
[Result "1-0"]
[WhiteElo "2348"]
[BlackElo "2250"]
[PlyCount "95"]
[EventDate "2000.07.08"]

1. d4 Nf6 2. Nf3 g6 3. g3 Bg7 4. Bg2 O-O 5. O-O d6 6. c4 Nbd7 7. Nc3 e5 8. e4
a6 9. Re1 exd4 10. Nxd4 Ng4 11. h3 Qf6 12. Nf3 Nge5 13. Nd5 Qd8 14. Qe2 Nxf3+
15. Qxf3 Ne5 16. Qe2 c6 17. Ne3 Qc7 18. Rb1 b5 19. b3 Re8 20. Bb2 Bb7 21. Rbc1
Qb6 22. Qd2 bxc4 23. Bxe5 dxe5 24. Nxc4 Rad8 25. Qa5 Qxa5 26. Nxa5 Ba8 27. Nxc6
Rd2 28. Bf1 Rxa2 29. Nb4 Rb2 30. Rc7 a5 31. Bc4 Rf8 32. Nd3 Rd2 33. Nc5 Bf6 34.
Nd7 Bd8 35. Ra7 Re8 36. Bb5 Re7 37. Rxa8 Rexd7 38. Bxd7 Rxd7 39. Re2 Kf8 40.
Rb8 Ke7 41. Rb5 Ke6 42. Rc2 f6 43. Rc6+ Ke7 44. Kg2 h5 45. h4 Rd3 46. Rb7+ Rd7
47. Rxd7+ Kxd7 48. Ra6 1-0

[Event "22nd Oberwarter Open"]
[Site "Oberwart (Austria)"]
[Date "2000.07.08"]
[Round "1.31"]
[White "HANSEN, Kay"]
[Black "WUKITS, Rene"]
[Result "1/2-1/2"]
[WhiteElo "2227"]
[BlackElo "2347"]
[PlyCount "60"]
[EventDate "2000.07.08"]

1. d4 c5 2. c3 Nf6 3. Nf3 e6 4. Bf4 b6 5. e3 Be7 6. h3 Bb7 7. Nbd2 d6 8. Be2
Nbd7 9. O-O O-O 10. a4 Qc7 11. Qc2 e5 12. Bh2 Rfe8 13. dxe5 dxe5 14. Ng5 h6 15.
Nge4 Nxe4 16. Nxe4 c4 17. Rfd1 Red8 18. Nd2 Bd5 19. Nf3 Qc6 20. Bxe5 Be4 21.
Qc1 Nc5 22. Bxc4 Bxf3 23. gxf3 Qxf3 24. Qc2 Bh4 25. Rxd8+ Rxd8 26. Qg6 Bxf2+
27. Kh2 Kf8 28. Bd6+ Kg8 29. Be5 Kf8 30. Bd6+ Kg8 1/2-1/2

[Event "22nd Oberwarter Open"]
[Site "Oberwart (Austria)"]
[Date "2000.07.08"]
[Round "1.32"]
[White "SINGER, Richard"]
[Black "PROCHASKA, Juergen"]
[Result "1-0"]
[WhiteElo "2337"]
[BlackElo "2226"]
[PlyCount "70"]
[EventDate "2000.07.08"]

1. d4 Nf6 2. c4 c5 3. d5 b5 4. cxb5 a6 5. b6 d6 6. Nc3 Nbd7 7. e4 g6 8. Be2 Bg7
9. Nf3 O-O 10. O-O Qxb6 11. Nd2 Rb8 12. f4 Qc7 13. Nc4 Nb6 14. Ne3 e6 15. a4
exd5 16. exd5 Re8 17. Qc2 Bb7 18. Bf3 Re7 19. a5 Nbd7 20. g4 Rbe8 21. Nc4 Nxd5
22. Nxd5 Bxd5 23. Bxd5 Re2 24. Qd3 Bd4+ 25. Kh1 Qd8 26. Bf3 Re1 27. Bd2 Rxa1
28. Rxa1 d5 29. Ne3 Bxb2 30. Rb1 Bd4 31. Nxd5 Qh4 32. Be3 Bxe3 33. Nxe3 Qf2 34.
Ng2 Nf6 35. g5 Nh5 {Klappe!} 1-0

[Event "22nd Oberwarter Open"]
[Site "Oberwart (Austria)"]
[Date "2000.07.08"]
[Round "1.34"]
[White "LAKOS, Nikoletta"]
[Black "SEIFERT, Milan"]
[Result "1-0"]
[WhiteElo "2327"]
[BlackElo "2218"]
[PlyCount "45"]
[EventDate "2000.07.08"]

1. e4 g6 2. d4 Bg7 3. Nc3 d6 4. Be3 Nf6 5. f3 O-O 6. Qd2 e5 7. d5 a6 8. O-O-O
Re8 9. Bh6 Bh8 10. h4 b5 11. a3 Nbd7 12. g4 Rb8 13. Nce2 Nc5 14. Ng3 Nfd7 15.
h5 Nf8 16. Nh3 a5 17. Qxa5 Bd7 18. Qd2 Ra8 19. Qe3 Qb8 20. b4 Na6 21. Ng5 Bg7
22. Bxg7 Kxg7 23. Nxh7 1-0

[Event "22nd Oberwarter Open"]
[Site "Oberwart (Austria)"]
[Date "2000.07.08"]
[Round "1.35"]
[White "KREBS, Johann"]
[Black "CSONKA, Attila"]
[Result "1/2-1/2"]
[WhiteElo "2209"]
[BlackElo "2310"]
[PlyCount "218"]
[EventDate "2000.07.08"]

1. d4 Nf6 2. c4 e6 3. Nf3 b6 4. g3 Ba6 5. Nbd2 Bb7 6. Bg2 Be7 7. Qc2 d5 8. cxd5
exd5 9. Ne5 Nbd7 10. Nc6 Bxc6 11. Qxc6 O-O 12. O-O Rc8 13. Nf3 Bd6 14. Bf4 Re8
15. Bh3 Rb8 16. Bxd6 cxd6 17. e3 Nf8 18. Rfc1 Ne6 19. Bg2 Rc8 20. Qa4 Qe7 21.
Ne1 Ng5 22. Nd3 Nge4 23. Bh3 Rxc1+ 24. Rxc1 h5 25. Qa6 h4 26. Rc8 hxg3 27. hxg3
g6 28. Rxe8+ Qxe8 29. Qxa7 Nxg3 30. Bg2 Qb5 31. Qe7 Nge4 32. Bf1 Qa4 33. f3 Ng3
34. Qxd6 Nfh5 35. Qb8+ Kh7 36. Nf2 Qa5 37. Nd3 Qd2 38. Qc7 Qd1 39. Qxf7+ Ng7
40. Nf4 Qxf1+ 41. Kh2 Qf2+ 42. Kh3 N3f5 43. Qxg6+ Kg8 44. Ng2 Qxf3+ 45. Kh2 b5
46. Qb6 Qg3+ 47. Kh1 Qh3+ 48. Kg1 Nxe3 49. Qd8+ Kh7 50. Qh4+ Qxh4 51. Nxh4 Ngf5
52. Nf3 Nd1 53. Ng5+ Kh6 54. Ne6 Nxb2 55. Nc7 Nxd4 56. Nxd5 Kg5 57. Kf2 Kf5 58.
Nc7 Na4 59. Ke3 Ke5 60. Kd3 Kd6 61. Nxb5+ Nxb5 62. Kc4 Nbc3 63. Kd4 Ke6 64. Ke3
Kd5 65. Kd3 Ne4 66. Ke3 Nd6 67. Kd3 Nc4 68. Kc2 Kd4 69. Kb3 Ncb6 70. Kb4 Kd3
71. Kb5 Kc3 72. Kc6 Kd4 73. Kb5 Kd5 74. Kb4 Kc6 75. Kb3 Kb5 76. Kc2 Kc4 77. Kd2
Nd5 78. Ke2 Kd4 79. Kf3 Ke5 80. Ke2 Ke4 81. Kf2 Kf4 82. Ke2 Nb4 83. a3 Nd5 84.
Kd3 Ke5 85. Kc4 Ndc3 86. Kd3 Kd5 87. Ke3 Kc4 88. Kf3 Kd4 89. Kf4 Ne2+ 90. Kf3
Kd3 91. Kf2 Nd4 92. Kg3 Ke4 93. Kg4 Nf3 94. Kg3 Ne5 95. Kf2 Kd3 96. Kg3 Ke3 97.
Kg2 Nd3 98. Kg3 Nf2 99. Kh4 Kf4 100. Kh5 Kf5 101. Kh6 Ng4+ 102. Kg7 Ne5 103.
Kh6 Kg4 104. Kg7 Kg5 105. Kf8 Kf6 106. Ke8 Ke6 107. Kd8 Kd6 108. Ke8 Nc4 109.
Kf7 Nxa3 1/2-1/2

[Event "22nd Oberwarter Open"]
[Site "Oberwart (Austria)"]
[Date "2000.07.08"]
[Round "1.36"]
[White "NEULINGER, Manfred"]
[Black "HASELHORST, Helmut"]
[Result "0-1"]
[WhiteElo "2286"]
[BlackElo "2191"]
[PlyCount "48"]
[EventDate "2000.07.08"]

1. e4 c6 2. d4 d5 3. e5 Bf5 4. c4 e6 5. Nc3 Nd7 6. h4 h5 7. Bg5 Be7 8. Qd2 Bxg5
9. hxg5 Ne7 10. Be2 dxc4 11. g4 Bg6 12. gxh5 Qc7 13. Nh3 Bf5 14. g6 O-O-O 15.
Ng5 Nxe5 16. Qe3 f6 17. dxe5 fxg5 18. Qxg5 Nxg6 19. f4 Qb6 20. Nd1 Qd4 21. Nc3
Nxf4 22. Rd1 Qxe5 23. Kf2 Rxd1 24. Rxd1 Nh3+ 0-1

[Event "22nd Oberwarter Open"]
[Site "Oberwart (Austria)"]
[Date "2000.07.08"]
[Round "1.38"]
[White "SANDHOEFNER, Florian"]
[Black "KARNER, Christoph"]
[Result "1-0"]
[WhiteElo "2189"]
[BlackElo "2280"]
[PlyCount "69"]
[EventDate "2000.07.08"]

1. e4 c5 2. Nf3 d6 3. d4 cxd4 4. Nxd4 Nf6 5. Nc3 a6 6. f4 Qc7 7. Bd3 g6 8. O-O
Bg7 9. Nf3 Nbd7 10. Qe1 b5 11. Qh4 Bb7 12. a3 Nc5 13. f5 Nxd3 14. cxd3 gxf5 15.
Qg5 fxe4 16. Nxe4 Bxe4 17. dxe4 Qc5+ 18. Qxc5 dxc5 19. e5 Nd7 20. Bf4 O-O 21.
Rad1 Nb6 22. Be3 Rac8 23. b4 Na4 24. Rd7 c4 25. Rxe7 c3 26. Nd4 Nb6 27. Bc1 c2
28. Nf5 Rcd8 29. Nxg7 Kxg7 30. e6 Rd1 31. Bb2+ Kg6 32. Rexf7 Re8 33. R7f6+ Kg5
34. Bc1+ Rxc1 35. h4+ 1-0

[Event "22nd Oberwarter Open"]
[Site "Oberwart (Austria)"]
[Date "2000.07.08"]
[Round "1.42"]
[White "WEGERER, Fred"]
[Black "KLJAKO, Damir"]
[Result "0-1"]
[WhiteElo "2175"]
[BlackElo "2258"]
[PlyCount "76"]
[EventDate "2000.07.08"]

1. c4 g6 2. Nc3 Bg7 3. g3 e5 4. Bg2 Nc6 5. Rb1 a5 6. d3 d6 7. e3 Nge7 8. Nge2
O-O 9. O-O h6 10. b3 Kh7 11. Bb2 f5 12. Qd2 g5 13. f4 gxf4 14. exf4 Ng6 15. Nb5
Nce7 16. Ba3 Bf6 17. Kh1 a4 18. b4 c6 19. Nbc3 exf4 20. Nxf4 Nxf4 21. gxf4 Rg8
22. Bb2 Ng6 23. Ne2 Nh4 24. Rf2 Bd7 25. Rg1 b5 26. Ng3 a3 27. Bc3 Be8 28. cxb5
Rc8 29. b6 Rb8 30. Re2 Bf7 31. Rge1 Rxb6 32. Bxf6 Qxf6 33. Re7 Rg7 34. Qe3 Rxb4
35. Qa7 Nxg2 36. Kxg2 Rb2+ 37. R1e2 Bd5+ 38. Kf2 Rxe7 0-1

[Event "22nd Oberwarter Open"]
[Site "Oberwart (Austria)"]
[Date "2000.07.09"]
[Round "2.1"]
[White "EINGORN, Vereslav"]
[Black "ARWANITAKIS, Michael"]
[Result "1/2-1/2"]
[WhiteElo "2586"]
[BlackElo "2156"]
[PlyCount "100"]
[EventDate "2000.07.09"]

1. d4 Nf6 2. c4 g6 3. g3 Bg7 4. Bg2 O-O 5. Nc3 d6 6. h3 c6 7. Nf3 Qa5 8. Bd2
Qa6 9. b3 b5 10. c5 dxc5 11. dxc5 b4 12. Na4 Ne4 13. Rc1 Rd8 14. Qc2 Bf5 15.
Qc4 Nxd2 16. Nxd2 Qb7 17. Ne4 Rd4 18. Qc2 Na6 19. e3 Bxe4 20. Bxe4 Rd7 21. O-O
Rad8 22. Rfd1 Nc7 23. Rxd7 Rxd7 24. Rd1 Nb5 25. Rxd7 Qxd7 26. Qd3 Qxd3 27. Bxd3
Nc3 28. Nxc3 bxc3 29. Kf1 Kf8 30. Ke2 Ke8 31. g4 h6 32. Be4 Kd7 33. Kd3 Bf6 34.
b4 Bh4 35. f3 Be1 36. Kc4 Bd2 37. Bc2 Bxe3 38. Kxc3 h5 39. gxh5 gxh5 40. Kc4 h4
41. a4 Kc7 42. Bh7 f6 43. Bf5 e5 44. b5 cxb5+ 45. axb5 Bd2 46. Kd5 Be3 47. c6
Bf4 48. Ke6 Bg5 49. Be4 Bf4 50. Kxf6 Kd6 1/2-1/2

[Event "22nd Oberwarter Open"]
[Site "Oberwart (Austria)"]
[Date "2000.07.09"]
[Round "2.2"]
[White "KAMARYT, Thomas"]
[Black "LERNER, Konstantin"]
[Result "0-1"]
[WhiteElo "2144"]
[BlackElo "2583"]
[PlyCount "55"]
[EventDate "2000.07.09"]

1. d4 Nf6 2. Nf3 e6 3. Bg5 h6 4. Bxf6 Qxf6 5. e4 d6 6. Nc3 Nd7 7. Qd2 g5 8. h3
Bg7 9. O-O-O a6 10. Kb1 b5 11. Ne2 Bb7 12. Ng3 h5 13. h4 g4 14. Ng5 Qe7 15. e5
dxe5 16. dxe5 O-O-O 17. Qe3 Nxe5 18. Be2 Rxd1+ 19. Rxd1 Ng6 20. Bd3 Qb4 21. Qc1
Ne5 22. Be4 Bxe4 23. N3xe4 f6 24. c3 Qc4 25. Rd4 Qc6 26. f4 fxg5 27. fxe5 Bxe5
28. Qd2 0-1

[Event "22nd Oberwarter Open"]
[Site "Oberwart (Austria)"]
[Date "2000.07.09"]
[Round "2.3"]
[White "SHARIYAZDANOV, Andrey"]
[Black "KNEUTGEN, Alexander"]
[Result "1-0"]
[WhiteElo "2582"]
[BlackElo "2143"]
[PlyCount "159"]
[EventDate "2000.07.09"]

1. Nf3 Nf6 2. c4 g6 3. Nc3 d5 4. cxd5 Nxd5 5. Qa4+ Nc6 6. Ne5 Nxc3 7. bxc3 Bg7
8. Nxc6 bxc6 9. Qxc6+ Bd7 10. Qc5 O-O 11. g3 Rb8 12. Bg2 Rb5 13. Qxa7 c5 14.
O-O Bc8 15. Qa4 Qb6 16. Qc2 Be6 17. d3 Qa5 18. Bd2 Qa3 19. Rfb1 Ra5 20. Rb7 Bf6
21. Qb2 Qxb2 22. Rxb2 Ra3 23. Rc1 Rxa2 24. Rxa2 Bxa2 25. Ra1 Be6 26. Rb1 Be5
27. f4 Rb8 28. Rxb8+ Bxb8 29. e4 Bb3 30. Kf2 Ba7 31. Be3 Kf8 32. g4 Bb6 33. Ke2
Ba4 34. Bf3 Bd7 35. h4 Ba4 36. Kd2 Bd7 37. Bd1 Bc6 38. Bb3 Bd7 39. g5 Bc6 40.
Bc4 Ba4 41. Bd5 Bd7 42. Kc2 Ba4+ 43. Kd2 Bd7 44. Ke2 Bg4+ 45. Kf2 Bd7 46. Bc4
Ba4 47. Kf3 Bd1+ 48. Kg3 Be2 49. f5 Kg7 50. Bb5 Bd1 51. Bc4 Be2 52. fxg6 hxg6
53. Kf2 Bd1 54. Ke1 Ba4 55. Bf4 Kf8 56. Be5 Bd7 57. Kd2 Bc6 58. Kc2 Ba4+ 59.
Kb2 Bd1 60. Ka3 Bc2 61. Bb5 Ba5 62. Kb2 Bd1 63. Bc4 Bb6 64. Bb3 Bg4 65. Ka3 Bd7
66. Bc4 Bc6 67. Kb3 Bd7 68. Ba6 Bc6 69. Kc4 Ke8 70. Bf4 Kd7 71. Bc1 Bc7 72.
Kxc5 Bg3 73. Be3 Bxh4 74. Bc8+ Kxc8 75. Kxc6 f6 76. gxf6 Bxf6 77. d4 Bh4 78. e5
g5 79. d5 g4 80. d6 {.} 1-0

[Event "22nd Oberwarter Open"]
[Site "Oberwart (Austria)"]
[Date "2000.07.09"]
[Round "2.4"]
[White "WADSACK, Wolfgang"]
[Black "DVOIRYS, Semen"]
[Result "0-1"]
[WhiteElo "2133"]
[BlackElo "2562"]
[PlyCount "74"]
[EventDate "2000.07.09"]

1. e4 c5 2. c3 Nf6 3. e5 Nd5 4. d4 cxd4 5. cxd4 d6 6. Nf3 e6 7. a3 Nc6 8. Bd3
Qc7 9. O-O dxe5 10. dxe5 Be7 11. Re1 Bd7 12. Be4 Rd8 13. Bd2 Nb6 14. Qc2 Rc8
15. Rc1 Qb8 16. Bc3 g5 17. Nbd2 g4 18. Bxc6 Bxc6 19. Nd4 Nd5 20. Nxc6 Rxc6 21.
Qa4 Bg5 22. Ba5 Qxe5 23. Rxc6 bxc6 24. Qxc6+ Kf8 25. Nc4 Qb8 26. Rd1 h5 27.
Qc5+ Be7 28. Qd4 Bf6 29. Qc5+ Kg7 30. Nd6 Qxb2 31. Qxa7 Rf8 32. Ne4 Qxa3 33.
Nc5 Re8 34. Qd7 Qxc5 35. Qxe8 Qxa5 36. g3 Qb4 37. Rc1 Bd4 0-1

[Event "22nd Oberwarter Open"]
[Site "Oberwart (Austria)"]
[Date "2000.07.09"]
[Round "2.5"]
[White "BURMAKIN, Vladimir"]
[Black "ZSIFKOVITS, Robert"]
[Result "1-0"]
[WhiteElo "2538"]
[BlackElo "2132"]
[PlyCount "111"]
[EventDate "2000.07.09"]

1. Nf3 Nf6 2. d4 g6 3. Bf4 Bg7 4. e3 c5 5. c3 b6 6. Nbd2 O-O 7. Be2 d6 8. h3
Bb7 9. O-O Nbd7 10. a4 Re8 11. Bh2 Ne4 12. Nxe4 Bxe4 13. Qb3 Nf6 14. Rfd1 Rf8
15. Nd2 Bc6 16. Qa3 Qc8 17. b4 cxd4 18. cxd4 Qf5 19. Rac1 Rac8 20. Ba6 Qd5 21.
e4 Nxe4 22. Qf3 Nxd2 23. Qxd5 Bxd5 24. Bxc8 Nb3 25. Rc7 Nxd4 26. Ba6 Bb3 27.
Rb1 Bxa4 28. Rxe7 Bc2 29. Rbe1 Nc6 30. Re8 Nxb4 31. Bxd6 Nxa6 32. Rxf8+ Bxf8
33. Re8 Kg7 34. Bxf8+ Kf6 35. Ra8 Nc7 36. Rxa7 Nd5 37. g3 Bb3 38. f4 h5 39. Rb7
Bc4 40. Kf2 b5 41. Kf3 Ke6 42. g4 hxg4+ 43. hxg4 Nc3 44. Re7+ Kd5 45. Rxf7 Be2+
46. Kg3 Kc4 47. Rc7+ Kb3 48. Rb7 Nd5 49. Rd7 Kc4 50. Rd6 Bd3 51. Rc6+ Kd4 52.
Bg7+ Ke3 53. Re6+ Kd2 54. Rd6 Be4 55. f5 gxf5 56. gxf5 1-0